00381nam a2200157Ia 4500008004100000082002100041100001600062245002400078250000600102260002700108300000800135600001600143630002400159700001600183730002400199151018s9999 xx 000 0 und d bRBASDV39466a954 aN. K. Sinha aOperatione Enaergay b1 bhind pocket bookc1977 a191 aN. K. Sinha aOperatione Enaergay aN. K. Sinha aOperatione Enaergay